| 000 | 00659nam a2200217 a 4500 | ||
|---|---|---|---|
| 005 | 20240924071116.0 | ||
| 008 | 991125s1994 mx 000 0 spa u | ||
| 020 | _a968432118X | ||
| 035 | _aUPN01000035186 | ||
| 049 | _aCG | ||
| 050 | 4 |
_aPQ6613 A763 _b1994 |
|
| 100 | 1 |
_aGarcía Lorca, Federico, _d1898-1936 |
|
| 245 | 1 | 0 |
_aLibro de poemas : _bpoema del cantante Jondo... / _cFederico García Lorca ; pról. de Salvador Novo |
| 260 |
_aMéxico : _bPorrúa, _c1994 |
||
| 300 | _a232 p. | ||
| 440 | 0 |
_aColección sepan cuantos; _v251 |
|
| 650 | 4 |
_aLiteratura española _95069 |
|
| 650 | 4 |
_aPoesía española _91237 |
|
| 904 |
_aAC _b035187 |
||
| 905 | _aLibro | ||
| 999 |
_c35186 _d35186 |
||